Quiz sur les Pyrénées-Orientales - Statistiques

Statistiques générales
  • Ce quiz a été pris 70 fois
  • Le résultat moyen est 15 sur 24
Statistiques - réponses
Question Réponse % Correct
Numéro du département 66
98%
Région dans laquelle il se situe depuis 2016 Occitanie
98%
Pays frontaliers des Pyrénées-Orientales Espagne
95%
Préfecture et ville la plus peuplée Perpignan
93%
Région dans laquelle il se situait avant 2016 Languedoc-Roussillon
88%
Mer bordant le département Méditerrannée
88%
Pays frontaliers des Pyrénées-Orientales Andorre
86%
Montagne sacrée de cette région Canigou
81%
Région culturelle et linguistique située à ces frontières Catalogne
79%
Ville côtière célèbre pour ses anchois Collioure
70%
Clubs de rugby de la préfecture USAP
70%
Fleuves principaux du département Têt
68%
Sous-préfecture connue pour ces cerises Céret
67%
Commune principalement connue pour son muscat Rivesaltes
54%
Sous-préfecture située à son pied Prades
53%
Clubs de rugby de la préfecture Les dragons catalans
49%
Ville non française enclavée dans les Pyrénées-Orientales Llivia
49%
Fleuves principaux du département Tech
47%
Fleuves principaux du département Agly
46%
Village et station de ski ayant un homonyme dans le Gard Les Angles
37%
Ancienne province qui couvre une grande partie du territoire, dont cette ville Roussillon
35%
Point culminant du département Carlit
33%
Commune du Conflent ayant un four solaire et des fortifications de Vauban Mont-Louis
32%
Nom de la partie "rocheuse" de la côte, d'Argelès sur mer à la frontière Côte Vermeille
28%
Aucun quiz correspondant
Distribution des résultats
% des personnes avec chaque résultat
Percentile par nombre de réponses
Votre historique - résultats
Vous n’avez pas pris ce quiz